Slovenská ekonomika v roku 2011 makropohľad na vývoj v jej reálnom sektore
Podľa revidovaných údajov, ktoré Štatistický úrad Slovenskej republiky (ŠÚ SR) zverejnil začiatkom marca tohto roku, vzrástol reálny HDP v roku 2011 o 3,3 %, čo je o 0,9 percentuálneho bodu (p. b.) menej ako v roku 2010. K spomaleniu rastu výkonnosti slovenskej ekonomiky došlo vplyvom vonkajších aj...
Salvato in:
| Autore principale: | |
|---|---|
| Natura: | Capitolo di libro |
| Lingua: | slovacco |
| Soggetti: | |
| Tags: |
Nessun Tag, puoi essere il primo ad aggiungerne!!
|
MARC
| LEADER | 00000naa a2200000 4500 | ||
|---|---|---|---|
| 001 | 0152790 | ||
| 005 | 20231116091504.4 | ||
| 041 | 0 | |a slo | |
| 044 | |a SK | ||
| 245 | 1 | 0 | |a Slovenská ekonomika v roku 2011 |b makropohľad na vývoj v jej reálnom sektore |c Ján Haluška |
| 520 | |a Podľa revidovaných údajov, ktoré Štatistický úrad Slovenskej republiky (ŠÚ SR) zverejnil začiatkom marca tohto roku, vzrástol reálny HDP v roku 2011 o 3,3 %, čo je o 0,9 percentuálneho bodu (p. b.) menej ako v roku 2010. K spomaleniu rastu výkonnosti slovenskej ekonomiky došlo vplyvom vonkajších aj vnútorných faktorov. Z vonkajších faktorov to bola najmä dlhová kríza a s ňou súvisiaci pomalší ekonomický rast v eurozóne (vrátane Nemecka) a v Českej republike, rozhodujúcim vnútorným faktorom bola konsolidácia verejných financií. Napriek spomaleniu rastu sa výkonnosť hospodárstva ako celku dostala v minulom roku už nad predkrízovú úroveň z roku 2008 a prekročila ju o 2,4 %. | ||
| 610 | 2 | 0 | |a Slovensko |
| 610 | 2 | 0 | |a financie verejné |
| 610 | 2 | 0 | |a ukazovatele makroekonomické |
| 610 | 2 | 0 | |a údaje štatistické |
| 610 | 2 | 0 | |a situácia hospodárska |
| 100 | 1 | |a Haluška, Ján | |